Online Catalogue and eLibrary

Patitha -2007 (Record no. 5055)

MARC details
000 -LEADER
fixed length control field 00435nam a2200169Ia 4500
005 - DATE AND TIME OF LATEST TRANSACTION
control field 20250606012049.0
008 - FIXED-LENGTH DATA ELEMENTS--GENERAL INFORMATION
fixed length control field 240331s9999 xx 000 0 und d
020 ## - INTERNATIONAL STANDARD BOOK NUMBER
ISBN 13919148
082 ## - DDC Classification
Item Number - Author Mark PAT
Class No. 303
245 #0 - TITLE STATEMENT
Title Patitha -2007
260 ## - PUBLICATION, DISTRIBUTION, ETC.
Place of publication, distribution, etc. colombo
Name of publisher, distributor, etc. Institute for Sociocultural Intensive Studies
Date of publication, distribution, etc. 2007
300 ## - PHYSICAL DESCRIPTION
Extent (e.g. Volumes, Pages etc.) 149 p ., ( v 5)
650 ## - SUBJECT ADDED ENTRY--TOPICAL TERM
Topical term or geographic name entry element Social
650 ## - SUBJECT ADDED ENTRY--TOPICAL TERM
Topical term or geographic name entry element Cultural
700 ## - ADDED ENTRY--PERSONAL NAME
Personal name Samaja Sankruthika Ad.
Relator term (Role) Editor
942 ## - Koha item type (Biblio)
Koha item type Books in Stacks (Lending)
Holdings
Lost status Damaged status Collection code Home library Current library Shelving location Date acquired Full call number Accession Number Item type
    Lending WERC Library WERC Library Social Science Cupboard 03/31/2024 303.6 PAT 6354 Books in Stacks (Lending)

© WERC Library